Statistics for Among-Us Style Fictional Characters

Click here to take the quiz!

General Stats

  • This quiz has been taken 870 times
  • The average score is 14 of 16

Answer Stats

Answer% Correct
Mario
100%
Spiderman
100%
Batman
99%
Mickey Mouse
99%
Minion
99%
Santa
99%
Pikachu
98%
Sonic the Hedgehog
98%
Flash
95%
SpongeBob SquarePants
94%
Cinderella
89%
Stitch
85%
Naruto Uzumaki
78%
Harry Potter
66%
Godzilla
64%
Toothless
59%

Score Distribution

Percentile by Number Answered

Percent of People with Each Score

Your Score History

You have not taken this quiz